EB-logs

Detalles Bibliográficos
Autor principal: Caęro, Aristt̤eles
Otros Autores: Subirana, Brian (coaut.)
Formato: Desconocido
Lenguaje:español
Publicado: [Barcelona] [etc.] : PwC : IESE, 2007
Materias:
Acceso en línea:Acceso restringido

MARC

LEADER 00000ny a22000003n 4500
005 2011060800300.0
008 080919s2007 sp s 000 0 spa c
035 |a 208 
040 |a UMA.RE  |d vLex 
080 |a 004.056.5(0.034) 
080 |a 004.738.5:342.738(0.034) 
080 |a 342.738:004.738.5(0.034) 
090 |c 571  |d 571 
100 1 |a Caęro, Aristt̤eles 
245 1 0 |a EB-logs  |h [Recurso electrn̤ico]  |c Aristt̤eles Caęro, Brian Subirana 
256 |a Servicio en ln̕ea 
260 |a [Barcelona] [etc.] :  |b PwC :  |b IESE,  |c 2007 
300 |a p. ;  |c cm 
506 1 |a Contenido solo disponible en los productos indicados  |d vLex Global  |d vLex Global (Academic Edition, excluding Law Schools)  |d vLex Global (U.S. Academic Edition, Law Schools)  |d vLex Global (U.S. Academic Edition, excluding Law Schools)  |d vLex Global (Academic Edition, Law Schools) 
650 0 7 |a Civil  |2 Tesauro vLex 
650 0 7 |a Tecnologa̕s de la informacin̤  |2 Tesauro vLex 
650 0 7 |a Nuevas tecnologa̕s  |2 Tesauro vLex 
700 1 |a Subirana, Brian,  |e coaut. 
740 0 |a vLex Libros (Servicios en ln̕ea) 
856 4 0 |u http://vlex.com/source/208  |z Acceso restringido 
942 |c BOOK 
999 0 |a Civil Law  |b Barcelona